Un garabato de Dios : (Registro nro. 13773)
[ vista simple ]
| 000 -LEADER | |
|---|---|
| fixed length control field | 02431nam a2200265 a 4500 |
| 001 - CONTROL NUMBER | |
| control field | |
| 003 - CONTROL NUMBER IDENTIFIER | |
| control field | DO-SdBNP |
| 005 - DATE AND TIME OF LATEST TRANSACTION | |
| control field | 20220221092257.0 |
| 008 - FIXED-LENGTH DATA ELEMENTS--GENERAL INFORMATION | |
| fixed length control field | 140613s 20uu dr a 000 0 spa d |
| 020 ## - INTERNATIONAL STANDARD BOOK NUMBER | |
| International Standard Book Number | 9993492302 |
| 040 ## - CATALOGING SOURCE | |
| Original cataloging agency | DO-SdBNP |
| Language of cataloging | spa |
| Transcribing agency | BPMSU |
| 082 #4 - DEWEY DECIMAL CLASSIFICATION NUMBER | |
| Classification number | 922.2 |
| Item number | P421u |
| Edition number | 22 |
| 100 1# - MAIN ENTRY--PERSONAL NAME | |
| Personal name | Pepén, Juan F. |
| Titles and words associated with a name | Obispo |
| 245 13 - TITLE STATEMENT | |
| Title | Un garabato de Dios : |
| Remainder of title | vivencias de un testigo / |
| Statement of responsibility, etc. | Juan F. Pepén. |
| 260 ## - PUBLICATION, DISTRIBUTION, ETC. (IMPRINT) | |
| Place of publication, distribution, etc. | Santo Domingo : |
| Name of publisher, distributor, etc. | Peregrino, |
| Date of publication, distribution, etc. | [200-?] |
| 300 ## - PHYSICAL DESCRIPTION | |
| Extent | 300 p. : |
| Other physical details | il. ; |
| Dimensions | 21 cm. |
| 490 0# - SERIES STATEMENT | |
| Series statement | UCADE |
| 505 ## - FORMATTED CONTENTS NOTE | |
| Formatted contents note | Prólogo 11 -- Nacimiento y primera infancia 15 -- Primera escuela y ambiente social 19 -- Vida religiosa del pueblo 23 -- Primera vida religiosa 29 -- La aventura del seminario 35 -- Hacia una nueva experiencia 49 -- Sacerdocio y ministerio 49 -- De nuevo en casa 75 -- Un tiempo difícil para esta iglesia 81 -- Hacia el episcopado 89 -- Las manos en el arado 101 -- Una Iglesia más encarnada 109 -- Dias muy difíciles 109 -- Primer viaje a Roma 129 -- Ministerio y apostolado 129 -- Al ritmo de los tiempos 151 -- Paso a paso 163 -- Vida igual y nueva tarea 177 -- Una Iglesia en crecimiento 185 -- Una Iglesia renovada y peregrina 197 -- La huella del testigo 211 -- Un nuevo pentecostés 219 -- Epílogo 225 -- APENDICES -- Defiende a los obreros del azúcar un prelado dominicano 231 -- Carta pastoral: sobre el problema agrario y sus posibles soluciones 235 -- ;Mensaje en la fiesta de Nuestra Señora de la Altagracia 241 -- Devolución de la imagen de la virgen de la Altagracia 247 -- Semana de oración y desagravio 249 -- Declaración del consejo presbiterial 251 -- Un nuevo seminario 253 -- Sobre designación de un nuevo obispo 257 -- Breve descripción de la diócesis de nuestra señora de la Altagracia 259 -- Obras auspiciadas por el obispado de Higuey a partir de octubre de 1959 263 -- Monseñor Pepén, educador desde la iglesia 267 -- Sobre las Misioneras de la Caridad (de Calcuta) 275 -- Visita pastoral en Bayaguana 277 -- 25 aniversario escuela Juan XXIII 281 -- El nuncio Lino Zanini 287 -- 40 años después 291 -- Respuesta a cuestionario sobre la Altagracia 295 -- Carta del padre Juan Ballari SBB 297 -- Albricias Papa Juan XXIII 299 |
| 590 ## - LOCAL NOTE (RLIN) | |
| Local note | Inventariado, 2021/VM |
| 600 14 - SUBJECT ADDED ENTRY--PERSONAL NAME | |
| Personal name | Pepén, Juan F., |
| Dates associated with a name | 1920- |
| Form subdivision | Religión |
| 710 2# - ADDED ENTRY--CORPORATE NAME | |
| Corporate name or jurisdiction name as entry element | Universidad Católica del Este (Higüey, República Dominicana) |
| 830 #0 - SERIES ADDED ENTRY--UNIFORM TITLE | |
| Uniform title | Ucade |
| Number of part/section of a work | 1 |
| 910 ## - USER-OPTION DATA (OCLC) | |
| User-option data | VMateo V: |
| 942 ## - ADDED ENTRY ELEMENTS (KOHA) | |
| Source of classification or shelving scheme | Dewey Decimal Classification |
| Koha item type | Libros |
| Withdrawn status | Lost status | Source of classification or shelving scheme | Damaged status | Not for loan | Collection code | Home library | Current library | Date acquired | Source of acquisition | Full call number | Barcode | Date last seen | Price effective from | Koha item type |
|---|---|---|---|---|---|---|---|---|---|---|---|---|---|---|
| Dewey Decimal Classification | Colección Dominicana | Biblioteca Pública Metropolitana Salomé Ureña | Biblioteca Pública Metropolitana Salomé Ureña | 10/08/2021 | Compra | BPMSU CD 922.2 P421u 2003 | BPMSUT21100064 | 10/08/2021 | 10/08/2021 | Libros |